000 00586nam a22001577a 4500
005 20120501120046.0
020 _a8176480762
_c00.00
035 _aA-991600
037 _aDPL
_bENG
100 _aPachauri, S.K.
_946092
245 _aChildren and human rights /
_cby S.K. Pachauri
260 _aNew Delhi
_bA.P.H. Publishing Corporation
_c1999
300 _av, 261p.
_c20 cms.
942 _2ddc
_cEN
_h323.352
_mPAC
999 _c65868
_d65868